[Event "2nd Goa GM Open 2019"]
[Site "Goa"]
[Date "2019.06.19"]
[Round "3.13"]
[White "Aaryan Varshney"]
[Black "Vignesh N R"]
[Result "1/2-1/2"]
[WhiteElo "2196"]
[BlackElo "2459"]
[Annotator "ChessBase"]
[PlyCount "132"]
[EventDate "2019.06.17"]
[EventType "swiss"]
[EventCountry "IND"]
[SourceTitle "playchess.com"]
[Source "ChessBase"]
[SourceQuality "1"]
[TimeControl "5400+30"]

1. d4 {[%emt 0:00:00]} Nf6 {[%emt 0:01:09]} 2. Nf3 {[%emt 0:00:00]} e6 {[%emt 0:00:42]} 3. c4 {[%emt 0:00:00]} Bb4+ {[%emt 0:01:04]} 4. Bd2 {[%emt 0:00:00]} c5 {[%emt 0:00:08]} 5. Bxb4 {[%emt 0:00:39]} cxb4 {[%emt 0:00:02]} 6. g3 {[%emt 0:00:13]} a5 {[%emt 0:00:11]} 7. Bg2 {[%emt 0:00:12]} d6 {[%emt 0:00:06]} 8. O-O {[%emt 0:00:14]} O-O {[%emt 0:00:05]} 9. a3 {[%emt 0:00:15]} Na6 {[%emt 0:00:05]} 10. axb4 {[%emt 0:00:09]} Nxb4 {[%emt 0:00:06]} 11. Nc3 {[%emt 0:00:04]} Qc7 {[%emt 0:03:48]} 12. b3 {[%emt 0:08:13]} Bd7 {[%emt 0:01:34]} 13. Nd2 {[%emt 0:02:29]} Rac8 {[%emt 0:02:08]} 14. e3 {[%emt 0:01:13]} Rfe8 {[%emt 0:00:45]} 15. Qe2 {[%emt 0:05:14]} b6 {[%emt 0:00:04]} 16. Rfd1 {[%emt 0:00:22]} Qb8 {[%emt 0:07:25]} 17. Rac1 {[%emt 0:01:06]} Rcd8 {[%emt 0:01:28]} 18. Nde4 {[%emt 0:01:04]} Nxe4 {[%emt 0:00:06]} 19. Nxe4 {[%emt 0:00:21]} Bc6 {[%emt 0:06:06]} 20. Nc3 {[%emt 0:00:34]} Bxg2 {[%emt 0:00:28]} 21. Kxg2 {[%emt 0:00:02]} Rc8 {[%emt 0:05:15]} 22. Qf3 {[%emt 0:08:34]} Red8 {[%emt 0:02:32]} 23. h4 {[%emt 0:01:24]} d5 {[%emt 0:00:55]} 24. cxd5 {[%emt 0:03:22]} Nxd5 {[%emt 0:03:20]} 25. Nxd5 {[%emt 0:01:09]} Rxd5 {[%emt 0:01:57]} 26. Rxc8+ {[%emt 0:02:56]} Qxc8 {[%emt 0:00:02]} 27. e4 {[%emt 0:00:14]} Rd6 {[%emt 0:03:05]} 28. d5 {[%emt 0:00:49]} exd5 {[%emt 0:01:23]} 29. Rxd5 {[%emt 0:00:39]} Qd8 {[%emt 0:12:13]} 30. Qd3 {[%emt 0:07:20]} Rxd5 {[%emt 0:00:05]} 31. exd5 {[%emt 0:00:08]} Qd6 {[%emt 0:00:12]} 32. Kg1 {[%emt 0:01:40]} h6 {[%emt 0:01:51]} 33. Qe3 {[%emt 0:03:30]} Kf8 {[%emt 0:01:27]} 34. Qd4 {[%emt 0:01:13]} h5 {[%emt 0:00:34]} 35. Qe3 {[%emt 0:02:01]} g6 {[%emt 0:00:17]} 36. Qe4 {[%emt 0:00:32]} Qf6 {[%emt 0:07:44]} 37. Qe3 {[%emt 0:00:51]} Qd6 {[%emt 0:00:43]} 38. Qe4 {[%emt 0:00:38]} Kg7 {[%emt 0:00:58]} 39. Qd4+ {[%emt 0:00:39]} Kg8 {[%emt 0:00:13]} 40. Qe3 {[%emt 0:00:21]} Qxd5 {[%emt 0:00:24]} 41. Qxb6 {[%emt 0:00:07]} Qe5 {[%emt 0:00:10]} 42. Kg2 {[%emt 0:00:36]} Kg7 {[%emt 0:00:40]} 43. Kg1 {[%emt 0:00:18]} Kh7 {[%emt 0:00:09]} 44. Kg2 {[%emt 0:00:05]} Qe4+ {[%emt 0:00:08]} 45. Kh2 {[%emt 0:00:41]} Qf3 {[%emt 0:04:37]} 46. Kg1 {[%emt 0:00:28]} Qc3 {[%emt 0:00:08]} 47. Kg2 {[%emt 0:00:18]} Kg7 {[%emt 0:00:13]} 48. Kh2 {[%emt 0:01:27]} Qe5 {[%emt 0:01:52]} 49. Kg2 {[%emt 0:00:20]} Qd5+ {[%emt 0:00:10]} 50. Kh2 {[%emt 0:00:18]} Qd2 {[%emt 0:00:17]} 51. Kg2 {[%emt 0:00:13]} Kf8 {[%emt 0:00:07]} 52. Qb7 {[%emt 0:03:09]} Qc3 {[%emt 0:00:35]} 53. Qe4 {[%emt 0:01:12]} Kg7 {[%emt 0:00:55]} 54. Qd5 {[%emt 0:01:30]} Qa1 {[%emt 0:01:39]} 55. Qc5 {[%emt 0:00:42]} Qe1 {[%emt 0:01:20]} 56. Qd4+ {[%emt 0:00:14]} Kh7 {[%emt 0:00:11]} 57. Qd5 {[%emt 0:00:17]} Qe7 {[%emt 0:01:13]} 58. Qxa5 {[%emt 0:00:08]} Qb7+ {[%emt 0:00:01]} 59. Kg1 {[%emt 0:00:08]} Qxb3 {[%emt 0:00:18]} 60. Qe5 {[%emt 0:00:11]} Qf3 {[%emt 0:00:06]} 61. Qe7 {[%emt 0:02:44]} Kg7 {[%emt 0:00:12]} 62. Qe5+ {[%emt 0:00:05]} Qf6 {[%emt 0:00:07]} 63. Qe4 {[%emt 0:00:29]} Qa1+ {[%emt 0:01:18]} 64. Kg2 {[%emt 0:00:01]} Qf6 {[%emt 0:00:02]} 65. Kg1 {[%emt 0:00:07]} Qa1+ {[%emt 0:00:02]} 66. Kg2 {[%emt 0:00:05]} Qf6 {[%emt 0:00:03]} 1/2-1/2

[Event "2nd Goa GM Open 2019"]
[Site "Goa"]
[Date "2019.06.19"]
[Round "3.14"]
[White "Mohammad Nubairshah Shaikh"]
[Black "Mari Arul, S.."]
[Result "1-0"]
[WhiteElo "2436"]
[BlackElo "2175"]
[Annotator "NA"]
[PlyCount "118"]
[EventDate "2019.06.17"]
[EventType "swiss"]
[EventCountry "IND"]
[SourceTitle "playchess.com"]
[Source "ChessBase"]
[SourceQuality "1"]
[TimeControl "5400+30"]

1. d4 {[%emt 0:00:08]} Nf6 {[%emt 0:00:22]} 2. c4 {[%emt 0:00:03]} e6 {[%emt 0:01:34]} 3. Nc3 {[%emt 0:00:03]} Bb4 {[%emt 0:00:56]} 4. Qc2 {[%emt 0:00:04]} O-O {[%emt 0:04:30]} 5. e4 {[%emt 0:00:02]} d5 {[%emt 0:00:42]} 6. e5 {[%emt 0:00:03]} Ne4 {[%emt 0:00:23]} 7. Bd3 {[%emt 0:00:03]} c5 {[%emt 0:01:45]} 8. Nge2 {[%emt 0:00:12]} cxd4 {[%emt 0:01:23]} 9. Nxd4 {[%emt 0:00:10]} Nd7 {[%emt 0:00:58]} 10. Bf4 {[%emt 0:00:16]} Ndc5 {[%emt 0:02:08]} 11. O-O {[%emt 0:00:56]} Bxc3 {[%emt 0:00:52]} 12. bxc3 {[%emt 0:00:03]} Bd7 {[%emt 0:00:45]} 13. Be2 {[%emt 0:00:46]} Na4 {[%emt 0:04:28]} 14. cxd5 {[%emt 0:00:50]} exd5 {[%emt 0:00:13]} 15. c4 {[%emt 0:00:03]} Rc8 {[%emt 0:02:06]} 16. Rac1 {[%emt 0:07:30]} Nec3 {[%emt 0:04:15]} 17. Bd3 {[%emt 0:08:41]} h6 {[%emt 0:01:23]} 18. cxd5 {[%emt 0:19:30]} Nxd5 {[%emt 0:02:54]} 19. Qd2 {[%emt 0:00:09]} Nxf4 {[%emt 0:21:34]} 20. Qxf4 {[%emt 0:00:02]} Nc5 {[%emt 0:03:40]} 21. Bb1 {[%emt 0:03:42]} Qg5 {[%emt 0:03:50]} 22. Qxg5 {[%emt 0:04:01]} hxg5 {[%emt 0:00:31]} 23. g3 {[%emt 0:19:05]} g6 {[%emt 0:08:35]} 24. Rfe1 {[%emt 0:05:34]} Rfd8 {[%emt 0:06:50]} 25. Nf3 {[%emt 0:04:25]} Ne6 {[%emt 0:10:56]} 26. Be4 {[%emt 0:01:26]} Bc6 {[%emt 0:02:55]} 27. Bxc6 {[%emt 0:10:25]} Rxc6 {[%emt 0:00:14]} 28. Rxc6 {[%emt 0:00:51]} bxc6 {[%emt 0:00:07]} 29. h3 {[%emt 0:00:02]} Rd5 {[%emt 0:03:58]} 30. Rc1 {[%emt 0:00:29]} Ra5 {[%emt 0:00:34]} 31. Rxc6 {[%emt 0:06:48]} Rxa2 {[%emt 0:00:09]} 32. Rc8+ {[%emt 0:00:01]} Kg7 {[%emt 0:00:32]} 33. Nh2 {[%emt 0:00:02]} Rd2 {[%emt 0:03:31]} 34. Ra8 {[%emt 0:00:02]} Rd5 {[%emt 0:02:50]} 35. Ng4 {[%emt 0:01:47]} a5 {[%emt 0:00:19]} 36. Kg2 {[%emt 0:00:02]} Nf8 {[%emt 0:01:58]} 37. Kf3 {[%emt 0:00:54]} Nd7 {[%emt 0:00:28]} 38. Ke4 {[%emt 0:00:18]} Rb5 {[%emt 0:00:55]} 39. Ra7 {[%emt 0:00:50]} Nc5+ {[%emt 0:00:43]} 40. Kd5 {[%emt 0:00:16]} Ne6+ {[%emt 0:00:34]} 41. Kc6 {[%emt 0:00:38]} Nd4+ {[%emt 0:00:38]} 42. Kd7 {[%emt 0:00:05]} Rd5+ {[%emt 0:01:12]} 43. Ke8 {[%emt 0:00:08]} Rd8+ {[%emt 0:00:37]} 44. Kxd8 {[%emt 0:01:50]} Nc6+ {[%emt 0:00:08]} 45. Kc7 {[%emt 0:01:10]} Nxa7 {[%emt 0:00:07]} 46. Kb6 {[%emt 0:00:01]} Nc8+ {[%emt 0:00:17]} 47. Kxa5 {[%emt 0:00:01]} Ne7 {[%emt 0:00:32]} 48. Kb5 {[%emt 0:02:06]} Nf5 {[%emt 0:01:23]} 49. Kc5 {[%emt 0:00:04]} Kf8 {[%emt 0:00:25]} 50. Nf6 {[%emt 0:00:07]} Ng7 {[%emt 0:00:32]} 51. Nh7+ {[%emt 0:00:11]} Ke7 {[%emt 0:00:45]} 52. Nxg5 {[%emt 0:00:03]} f6 {[%emt 0:00:08]} 53. exf6+ {[%emt 0:02:13]} Kxf6 {[%emt 0:00:10]} 54. Nf3 {[%emt 0:00:01]} Kf5 {[%emt 0:00:35]} 55. Kd5 {[%emt 0:00:01]} g5 {[%emt 0:00:56]} 56. Nd4+ {[%emt 0:00:20]} Kf6 {[%emt 0:00:13]} 57. Ke4 {[%emt 0:00:42]} Ne8 {[%emt 0:00:08]} 58. Nf5 {[%emt 0:00:02]} Nc7 {[%emt 0:00:12]} 59. Ne3 {[%emt 0:00:33]} Ne8 1-0

[Event "2nd Goa GM Open 2019"]
[Site "Goa"]
[Date "2019.06.19"]
[Round "3.15"]
[White "Sammed Jaykumar, Shete"]
[Black "Mezanur, Rahman"]
[Result "1-0"]
[WhiteElo "2431"]
[BlackElo "1886"]
[Annotator "NA"]
[PlyCount "55"]
[EventDate "2019.06.17"]
[EventType "swiss"]
[EventCountry "IND"]
[SourceTitle "playchess.com"]
[Source "ChessBase"]
[SourceQuality "1"]
[TimeControl "5400+30"]

1. e4 {[%emt 0:00:00]} e5 {[%emt 0:02:10]} 2. Nf3 {[%emt 0:00:00]} Nc6 {[%emt 0:00:48]} 3. Bc4 {[%emt 0:00:00]} Nf6 {[%emt 0:01:40]} 4. d3 {[%emt 0:00:05]} Bc5 {[%emt 0:02:12]} 5. c3 {[%emt 0:00:08]} d6 {[%emt 0:00:41]} 6. Bb3 {[%emt 0:00:31]} a6 {[%emt 0:02:05]} 7. h3 {[%emt 0:01:03]} Ba7 {[%emt 0:00:21]} 8. Nbd2 {[%emt 0:00:34]} O-O {[%emt 0:00:46]} 9. O-O {[%emt 0:00:58]} d5 {[%emt 0:05:31]} 10. exd5 {[%emt 0:04:26]} Nxd5 {[%emt 0:02:23]} 11. Ne4 {[%emt 0:00:08]} h6 {[%emt 0:01:09]} 12. Bxh6 {[%emt 0:07:31]} Be6 {[%emt 0:04:16]} 13. Bd2 {[%emt 0:04:19]} f6 {[%emt 0:00:28]} 14. Nh4 {[%emt 0:02:13]} g5 {[%emt 0:01:28]} 15. Nf3 {[%emt 0:04:50]} Kg7 {[%emt 0:02:09]} 16. Nh2 {[%emt 0:07:39]} Qd7 {[%emt 0:02:10]} 17. Ng3 {[%emt 0:06:02]} Rh8 {[%emt 0:00:30]} 18. Qf3 {[%emt 0:01:08]} Nce7 {[%emt 0:01:07]} 19. Rfe1 {[%emt 0:02:39]} c6 {[%emt 0:02:56]} 20. Nh5+ {[%emt 0:06:40]} Kg6 {[%emt 0:01:26]} 21. Nxf6 {[%emt 0:01:36]} Nxf6 {[%emt 0:01:19]} 22. Rxe5 {[%emt 0:00:33]} Bxb3 {[%emt 0:01:55]} 23. Rxg5+ {[%emt 0:00:11]} Kf7 {[%emt 0:00:23]} 24. Ng4 {[%emt 0:00:20]} Qd6 {[%emt 0:02:01]} 25. axb3 {[%emt 0:00:38]} Rag8 {[%emt 0:05:09]} 26. Bf4 {[%emt 0:01:53]} Qe6 {[%emt 0:04:46]} 27. Re5 {[%emt 0:00:24]} Qd7 {[%emt 0:02:41]} 28. Bg5 {[%emt 0:00:33]} 1-0

[Event "2nd Goa GM Open 2019"]
[Site "Goa"]
[Date "2019.06.19"]
[Round "3.16"]
[White "Samant Aditya S"]
[Black "Iturrizaga Bonelli, Eduardo"]
[Result "0-1"]
[WhiteElo "2342"]
[BlackElo "2637"]
[Annotator "TA"]
[PlyCount "34"]
[EventDate "2019.06.17"]
[EventType "swiss"]
[EventCountry "IND"]
[SourceTitle "playchess.com"]
[Source "ChessBase"]
[SourceQuality "1"]

{[%evp 9,82,27,42,14,21,-18,-27,-18,-11,-32,-28,-26,-10,-26,72,-48,-31,-62,-52,-65,-51,-112,-87,-103,-76,-123,-120,-161,-150,-162,-164,-218,-228,-328,-331,-329,-320,-320,-320,-281,-294,-472,-377,-290,-227,-218,-140,-118,-132,-235,-287,-268,-261,-351,-235,-370,-362,-522,-315,-714,-548,-529,-505,-999,-1003,-29975,-29976,-29978,-29979,-29981,-29982,-29984,-29985,-29987,-29988]} 1. e4 c6 2. d4 d5 3. e5 Bf5 4. h4 a6 (4... h5 5. c4 e6 6. Nc3 Bb4 7. cxd5 cxd5 8. Bg5 Ne7 9. Bd3 Bxc3+ 10. bxc3 Qc7 11. Ne2 Nd7 12. Bxf5 Nxf5 13. O-O f6 14. exf6 gxf6 {½-½ (40) Sjugirov,S (2661)-Riazantsev,A (2653) Sochi 2019}) 5. g4 Bd7 6. Nd2 {B12: Caro-Kann: Advance Variation} c5 $146 ({Predecessor:} 6... Nh6 7. g5 Nf5 8. Nb3 e6 9. Bd3 Qc7 10. Bxf5 exf5 11. Ne2 c5 12. Bf4 {0-1 (40) Renteria Becerra,J (2321)-Almagro Llamas,P (2473) Mostoles 2013}) 7. Nb3 cxd4 8. Nxd4 {Black has an edge.} Nc6 9. Nxc6 bxc6 10. Bd3 Qb8 11. f4 f6 (11... h5 $11) 12. exf6 (12. Qe2 $1 $16) 12... exf6 13. Qe2+ Kf7 {Hoping for ...Nh6.} 14. g5 Bc5 $1 15. Qg2 ({White should play} 15. c3 $15) 15... Ne7 16. Ne2 Nf5 17. h5 Qb7 {Played: Rh8-e8} 0-1

[Event "2nd Goa GM Open 2019"]
[Site "Goa"]
[Date "2019.06.19"]
[Round "3.17"]
[White "Mchedlishvili, Mikheil"]
[Black "Rathnakaran, K.."]
[Result "0-1"]
[WhiteElo "2609"]
[BlackElo "2338"]
[Annotator "TA"]
[PlyCount "94"]
[EventDate "2019.06.17"]
[EventType "swiss"]
[EventCountry "IND"]
[SourceTitle "playchess.com"]
[Source "ChessBase"]
[SourceQuality "1"]

{[%evp 9,94,25,19,12,8,20,17,7,0,0,0,0,0,0,8,0,26,0,0,-240,-229,-224,-213,-252,-43,-45,-31,-18,0,0,10,0,0,0,83,96,112,108,119,105,156,163,160,151,150,46,39,36,54,0,75,0,0,0,0,0,0,0,0,0,66,0,0,0,0,0,0,-59,0,0,0,-180,-122,-189,-190,-190,-173,-225,-215,-234,-223,-168,-204,-754,-747,-668,-656]} 1. c4 e5 2. Nc3 Nc6 3. Nf3 f5 4. g3 Nf6 (4... d6 5. d4 e4 6. d5 Ne5 7. Nxe5 dxe5 8. g4 g6 9. gxf5 gxf5 10. Rg1 Nf6 11. Bg5 Be7 12. e3 Rg8 {1-0 (27) Aronian,L (2793)-Ivanchuk,V (2738) Leuven 2017}) 5. d4 e4 6. Nh4 {A27: English Opening: Three Knights Variation} d5 7. Bg5 Bb4 8. cxd5 {The position is equal.} Nxd5 $146 ({Predecessor:} 8... Qxd5 9. Bxf6 gxf6 10. e3 f4 11. Ng2 f3 12. Nf4 Qf7 13. Qc2 f5 14. a3 Bd6 {½-½ (14) Vilppolainen,M (1990)-Paronen,P (2190) Jyvaskyla 2017}) 9. Bxd8 Nxc3 10. Qb3 (10. Qd2 Nxe2 11. Kxe2 Bxd2 $17) 10... Nxe2+ $1 11. Kd1 Nexd4 12. Qe3 (12. Qd5 $2 Be6 $19) 12... Be6 $1 13. Bg5 h6 $1 {[%cal Rh6g5]} 14. Bf6 $2 (14. Ng6 $11 hxg5 15. Nxh8) 14... gxf6 $19 15. Kc1 O-O-O 16. Bh3 Bc5 $2 ({Better is} 16... Ne5 $19 17. Rd1 c5) 17. Bxf5 $1 $15 Nxf5 (17... Rhe8 $5 {[%cal Rc6e5]}) 18. Qxc5 Nxh4 19. gxh4 Rd4 {...Rc4+ is the strong threat.} 20. b3 {And now Rd1 would win.} Rhd8 21. Rb1 Bg4 (21... e3 $11) 22. Kb2 $16 Nb4 {Threatens to win with ...Nd3+.} 23. Ka1 ({But not} 23. Qxa7 $6 Rd2+ 24. Ka1 Nc2+ 25. Kb2 Nb4+ 26. Ka1 Nc2+ 27. Kb2 Nb4+ $11) 23... b6 {[#]} 24. Qc3 $1 c5 {[#]} (24... R8d5 $142) 25. a3 $1 {[%cal Ra3b4]} Nd5 26. Qc1 h5 27. Rg1 (27. h3 $16 Be2 28. Qh6) 27... Rd3 $1 $14 {Black wants to play ...Nc3.} 28. Qc4 Rd4 29. Qc1 Rd3 $1 {next ...Nc3 is good for Black.} 30. b4 ({White should play} 30. h3 $16 Rxh3 31. Rg3 Rxg3 32. fxg3) 30... Nc3 $1 $11 {[%cal Rc3b1]} 31. Qb2 Nxb1 32. Rxb1 {Hoping for bxc5.} Rf3 33. bxc5 Rdd3 34. Qb5 Rxa3+ 35. Kb2 Bd7 36. Qc4 {aiming for cxb6+.} Ra4 37. Qg8+ Kb7 38. Rd1 (38. Qd5+ $11 Bc6 39. Qf7+ Ka6 40. cxb6 axb6 41. Qe6 Rb4+ 42. Kc1 Rxb1+ 43. Kxb1) 38... Rxf2+ (38... Rb4+ $15 39. Kc1 Ba4 40. c6+ Bxc6) 39. Kb3 Rf3+ 40. Kb2 $2 (40. Kc2 $11 {and White has nothing to worry.} Bb5 41. cxb6 Bd3+ 42. Rxd3 exd3+ {[%mdl 64] Discovered Attack} 43. Kc3 d2+ {[%mdl 64] Decoy} 44. Kxd2 Rd4+ 45. Ke2) 40... Rb4+ $19 41. Kc1 (41. Ka2 $17 Ba4 42. c6+ Bxc6 43. Qe6 Rf2+ 44. Ka3 Ra4+ 45. Kb3 Rf3+ 46. Kb2 Rb4+ 47. Ka2 Rf2+ 48. Ka3 Ra4+ 49. Kb3 Rf3+ 50. Kb2 Rf2+ 51. Kb3) 41... Rc3+ 42. Kd2 Rxc5 ({Don't take} 42... Rd3+ 43. Ke1 $15) 43. Ke1 (43. Qg7 $142 Rc7 44. Qxf6) 43... Ba4 44. Qf7+ Rc7 45. Qd5+ Bc6 46. Qxh5 $2 (46. Qe6) 46... Rg7 47. Rd6 Rb2 {Accuracy: White = 60%, Black = 69%.} 0-1

[Event "2nd Goa GM Open 2019"]
[Site "Goa"]
[Date "2019.06.19"]
[Round "3.18"]
[White "Idani, Pouya"]
[Black "Pranesh M"]
[Result "1-0"]
[WhiteElo "2597"]
[BlackElo "2328"]
[Annotator "ChessBase"]
[PlyCount "135"]
[EventDate "2019.06.17"]
[EventType "swiss"]
[EventCountry "IND"]
[SourceTitle "playchess.com"]
[Source "ChessBase"]
[SourceQuality "1"]
[TimeControl "5400+30"]

1. Nf3 {[%emt 0:00:00]} Nf6 {[%emt 0:00:00]} 2. c4 {[%emt 0:00:00]} c5 {[%emt 0:00:00]} 3. Nc3 {[%emt 0:00:08]} Nc6 {[%emt 0:00:11]} 4. d4 {[%emt 0:00:56]} cxd4 {[%emt 0:00:07]} 5. Nxd4 {[%emt 0:00:03]} d6 {[%emt 0:00:42]} 6. e4 {[%emt 0:00:14]} e6 {[%emt 0:00:33]} 7. Be2 {[%emt 0:00:16]} Be7 {[%emt 0:00:27]} 8. O-O {[%emt 0:00:08]} O-O {[%emt 0:00:13]} 9. Be3 {[%emt 0:00:06]} a6 {[%emt 0:03:11]} 10. Qd2 {[%emt 0:01:51]} Bd7 {[%emt 0:00:25]} 11. f3 {[%emt 0:01:19]} Qc7 {[%emt 0:02:02]} 12. Rac1 {[%emt 0:01:19]} Rfc8 {[%emt 0:01:00]} 13. Rfd1 {[%emt 0:01:06]} Kh8 {[%emt 0:02:31]} 14. Bf1 {[%emt 0:01:19]} Nxd4 {[%emt 0:01:39]} 15. Bxd4 {[%emt 0:00:31]} Qa5 {[%emt 0:01:48]} 16. Qf2 {[%emt 0:02:22]} Qh5 {[%emt 0:02:37]} 17. a4 {[%emt 0:04:51]} Be8 {[%emt 0:03:52]} 18. b3 {[%emt 0:18:15]} Nd7 {[%emt 0:01:45]} 19. Rb1 {[%emt 0:03:20]} a5 {[%emt 0:04:41]} 20. Bd3 {[%emt 0:04:18]} Nc5 {[%emt 0:01:14]} 21. Bc2 {[%emt 0:00:06]} Bc6 {[%emt 0:01:22]} 22. Rd2 {[%emt 0:05:51]} b6 {[%emt 0:03:55]} 23. Re1 {[%emt 0:01:36]} f6 {[%emt 0:02:06]} 24. f4 {[%emt 0:02:02]} Re8 {[%emt 0:01:29]} 25. Re3 {[%emt 0:06:00]} e5 {[%emt 0:01:21]} 26. Rh3 {[%emt 0:00:55]} Qg6 {[%emt 0:03:43]} 27. f5 {[%emt 0:01:54]} Qf7 {[%emt 0:01:34]} 28. Be3 {[%emt 0:05:24]} Rf8 {[%emt 0:05:42]} 29. Qg3 {[%emt 0:04:17]} Be8 {[%emt 0:01:57]} 30. Nd5 {[%emt 0:00:16]} Bd8 {[%emt 0:00:30]} 31. Bxc5 {[%emt 0:05:38]} bxc5 {[%emt 0:01:21]} 32. Rd3 {[%emt 0:01:46]} g5 {[%emt 0:01:19]} 33. fxg6 {[%emt 0:00:11]} Qxg6 {[%emt 0:00:07]} 34. Qf2 {[%emt 0:01:27]} Bd7 {[%emt 0:05:13]} 35. Rdg3 {[%emt 0:02:17]} Qf7 {[%emt 0:00:02]} 36. Rh6 {[%emt 0:00:41]} Be6 {[%emt 0:00:28]} 37. Bd1 {[%emt 0:03:00]} f5 {[%emt 0:13:14]} 38. Bh5 {[%emt 0:03:49]} Qd7 {[%emt 0:00:14]} 39. Bg6 {[%emt 0:00:54]} f4 {[%emt 0:00:15]} 40. Bxh7 {[%emt 0:00:20]} Qxh7 {[%emt 0:00:32]} 41. Rxh7+ {[%emt 0:01:47]} Kxh7 {[%emt 0:00:18]} 42. Qf3 {[%emt 0:03:02]} Kh6 {[%emt 0:00:31]} 43. Rh3+ {[%emt 0:00:04]} Bxh3 {[%emt 0:01:08]} 44. Qxh3+ {[%emt 0:00:04]} Kg5 {[%emt 0:00:56]} 45. Qh7 {[%emt 0:00:49]} Bf6 {[%emt 0:02:34]} 46. h4+ {[%emt 0:00:14]} Kg4 {[%emt 0:00:08]} 47. Qg6+ {[%emt 0:00:12]} Kxh4 {[%emt 0:00:07]} 48. Nxf6 {[%emt 0:00:03]} Rxf6 {[%emt 0:00:12]} 49. Qxf6+ {[%emt 0:00:05]} Kg4 {[%emt 0:00:04]} 50. Qxd6 {[%emt 0:00:09]} f3 {[%emt 0:00:05]} 51. Qxe5 {[%emt 0:00:07]} fxg2 {[%emt 0:00:04]} 52. Kxg2 {[%emt 0:00:08]} Ra6 {[%emt 0:00:01]} 53. Qxc5 {[%emt 0:00:20]} Rg6 {[%emt 0:00:11]} 54. Kf2 {[%emt 0:00:08]} Rf6+ {[%emt 0:00:05]} 55. Ke2 {[%emt 0:00:04]} Rf4 {[%emt 0:00:23]} 56. Qd5 {[%emt 0:00:10]} Kh4 {[%emt 0:00:06]} 57. c5 {[%emt 0:00:05]} Kg4 {[%emt 0:00:19]} 58. c6 {[%emt 0:00:09]} Kg3 {[%emt 0:00:11]} 59. Qg5+ {[%emt 0:00:07]} Rg4 {[%emt 0:00:04]} 60. Qxg4+ {[%emt 0:00:10]} Kxg4 {[%emt 0:00:03]} 61. c7 {[%emt 0:00:14]} Kf4 {[%emt 0:00:03]} 62. Kd3 {[%emt 0:00:32]} Ke5 {[%emt 0:00:06]} 63. c8=Q {[%emt 0:00:39]} Kf4 {[%emt 0:00:22]} 64. Qf5+ {[%emt 0:00:04]} Kg3 65. Ke3 Kh4 {[%emt 0:00:45]} 66. Qg6 {[%emt 0:00:37]} Kh3 {[%emt 0:00:04]} 67. Kf3 {[%emt 0:00:04]} Kh2 {[%emt 0:00:04]} 68. Qg2# {[%emt 0:00:43]} 1-0

[Event "2nd Goa GM Open 2019"]
[Site "Goa"]
[Date "2019.06.19"]
[Round "3.19"]
[White "Stupak, Kirill"]
[Black "Abhishek, Kelkar"]
[Result "1/2-1/2"]
[WhiteElo "2584"]
[BlackElo "2323"]
[Annotator "ChessBase"]
[PlyCount "67"]
[EventDate "2019.06.17"]
[EventType "swiss"]
[EventCountry "IND"]
[SourceTitle "playchess.com"]
[Source "ChessBase"]
[SourceQuality "1"]
[TimeControl "5400+30"]

1. d4 {[%emt 0:00:00]} d5 {[%emt 0:00:04]} 2. Nf3 {[%emt 0:00:00]} Nf6 {[%emt 0:00:05]} 3. c4 {[%emt 0:00:01]} c6 {[%emt 0:00:06]} 4. Nc3 {[%emt 0:00:05]} dxc4 {[%emt 0:00:13]} 5. a4 {[%emt 0:00:04]} e6 {[%emt 0:00:06]} 6. e3 {[%emt 0:01:30]} c5 {[%emt 0:00:11]} 7. Bxc4 {[%emt 0:00:03]} Nc6 {[%emt 0:00:40]} 8. O-O {[%emt 0:00:12]} Be7 {[%emt 0:00:33]} 9. dxc5 {[%emt 0:05:30]} Qxd1 {[%emt 0:01:51]} 10. Rxd1 {[%emt 0:00:12]} Bxc5 {[%emt 0:00:16]} 11. h3 {[%emt 0:00:43]} O-O {[%emt 0:03:25]} 12. e4 {[%emt 0:00:16]} e5 {[%emt 0:07:40]} 13. Bg5 {[%emt 0:10:27]} h6 {[%emt 0:06:01]} 14. Bxf6 {[%emt 0:01:27]} gxf6 {[%emt 0:00:06]} 15. Nb5 {[%emt 0:00:53]} Rb8 {[%emt 0:04:02]} 16. Rac1 {[%emt 0:01:26]} Bb6 {[%emt 0:07:06]} 17. Nd6 {[%emt 0:02:59]} Be6 {[%emt 0:03:19]} 18. Bxe6 {[%emt 0:12:35]} fxe6 {[%emt 0:00:17]} 19. Nxb7 {[%emt 0:00:04]} Nd4 {[%emt 0:05:00]} 20. Nxd4 {[%emt 0:00:07]} Bxd4 {[%emt 0:01:24]} 21. Rc7 {[%emt 0:00:08]} Rf7 {[%emt 0:01:07]} 22. Rxf7 {[%emt 0:02:05]} Kxf7 {[%emt 0:00:13]} 23. Nd6+ {[%emt 0:00:04]} Ke7 {[%emt 0:00:48]} 24. Nb5 {[%emt 0:00:08]} Bb6 {[%emt 0:00:16]} 25. Rd3 {[%emt 0:02:14]} a6 {[%emt 0:04:47]} 26. Na3 {[%emt 0:00:12]} Rc8 {[%emt 0:01:20]} 27. Rc3 {[%emt 0:04:34]} Rxc3 {[%emt 0:02:56]} 28. bxc3 {[%emt 0:00:14]} Ba5 {[%emt 0:00:08]} 29. Nb1 {[%emt 0:09:14]} Kd6 {[%emt 0:00:44]} 30. Kh2 {[%emt 0:02:38]} Kc5 {[%emt 0:03:53]} 31. Kg3 {[%emt 0:00:02]} Kc4 {[%emt 0:01:08]} 32. Kg4 {[%emt 0:00:07]} Bb6 {[%emt 0:02:07]} 33. f3 {[%emt 0:02:30]} Be3 {[%emt 0:01:49]} 34. Kh5 {[%emt 0:00:27]} 1/2-1/2

[Event "2nd Goa GM Open 2019"]
[Site "Goa"]
[Date "2019.06.19"]
[Round "3.20"]
[White "Anuj Shrivatri"]
[Black "Jojua, Davit"]
[Result "0-1"]
[WhiteElo "2336"]
[BlackElo "2580"]
[Annotator "ChessBase"]
[PlyCount "66"]
[EventDate "2019.06.17"]
[EventType "swiss"]
[EventCountry "IND"]
[SourceTitle "playchess.com"]
[Source "ChessBase"]
[SourceQuality "1"]
[TimeControl "5400+30"]

1. d4 {[%emt 0:00:00]} Nf6 {[%emt 0:00:00]} 2. c4 {[%emt 0:00:00]} g6 {[%emt 0:00:00]} 3. g3 {[%emt 0:00:00]} Bg7 {[%emt 0:00:00]} 4. Bg2 {[%emt 0:00:00]} O-O {[%emt 0:00:00]} 5. Nf3 {[%emt 0:00:00]} d6 {[%emt 0:00:03]} 6. Nc3 {[%emt 0:00:00]} Nc6 {[%emt 0:00:23]} 7. O-O {[%emt 0:00:08]} e5 {[%emt 0:00:05]} 8. dxe5 {[%emt 0:00:05]} dxe5 {[%emt 0:00:07]} 9. Bg5 {[%emt 0:00:08]} Be6 {[%emt 0:00:12]} 10. Nd2 {[%emt 0:00:13]} Qb8 {[%emt 0:01:50]} 11. Qa4 {[%emt 0:00:29]} Nd7 {[%emt 0:02:09]} 12. Bxc6 {[%emt 0:01:05]} bxc6 {[%emt 0:00:03]} 13. Qxc6 {[%emt 0:00:06]} Qxb2 {[%emt 0:00:25]} 14. Nd5 {[%emt 0:00:12]} e4 {[%emt 0:03:01]} 15. Rab1 {[%emt 0:39:07]} Qxa2 {[%emt 0:06:27]} 16. Rfe1 {[%emt 0:14:28]} h6 {[%emt 0:22:50]} 17. Bf4 {[%emt 0:04:40]} Nb6 {[%emt 0:05:16]} 18. Nb4 Qa4 {[%emt 0:12:23]} 19. Nxe4 {[%emt 0:19:22]} Qxc6 {[%emt 0:04:36]} 20. Nxc6 {[%emt 0:00:04]} Rfe8 {[%emt 0:06:07]} 21. Bxc7 {[%emt 0:07:04]} Nxc4 {[%emt 0:02:37]} 22. Nd6 {[%emt 0:06:26]} Nxd6 {[%emt 0:02:46]} 23. Bxd6 {[%emt 0:00:02]} a5 {[%emt 0:01:47]} 24. e4 {[%emt 0:02:13]} a4 {[%emt 0:01:06]} 25. e5 {[%emt 0:01:03]} a3 {[%emt 0:01:12]} 26. Ra1 {[%emt 0:01:04]} a2 {[%emt 0:00:52]} 27. f4 {[%emt 0:00:03]} Ra6 {[%emt 0:06:39]} 28. Nb4 {[%emt 0:02:40]} Ra4 {[%emt 0:00:44]} 29. Nd3 {[%emt 0:00:16]} Rd4 {[%emt 0:01:44]} 30. Nb4 {[%emt 0:01:25]} Rd2 {[%emt 0:02:59]} 31. Red1 {[%emt 0:00:44]} Rxd1+ {[%emt 0:01:23]} 32. Rxd1 {[%emt 0:00:01]} Rd8 {[%emt 0:00:54]} 33. Nc2 {[%emt 0:01:46]} Bb3 0-1